Language to Country #1 - Statistics

General Stats
  • This quiz has been taken 28 times
  • The average score is 25 of 35
Answer Stats
Language Country % Correct
Japanese Japan
100%
Maori New Zealand
100%
Greek Greece
96%
Dutch Netherlands
96%
Somali Somalia
96%
Lao Laos
93%
Macedonian North Macedonia
93%
Korean South Korea
93%
Hawaiian United States
93%
Comorian Comoros
89%
Zulu South Africa
89%
Wu China
85%
Catalan Spain
85%
Sesotho Lesotho
81%
Malagasy Madagascar
81%
Burmese Myanmar
81%
Galician Spain
81%
Basque Spain
78%
Romansh Switzerland
78%
Uyghur China
67%
Quechua Peru
67%
Pashto Afghanistan
59%
Kannada India
59%
Yoruba Nigeria
59%
Dzongkha Bhutan
52%
Gilbertese Kiribati
52%
Guarani Paraguay
52%
Hiri Motu Papua New Guinea
48%
Aymara Bolivia
44%
French D. R. Congo
41%
Afar Ethiopia
41%
Tetum Timor Leste
37%
Chichewa Malawi
30%
Waray Philippines
30%
Bikol Philippines
26%
No matching quizzes found
Score Distribution
Percent of People with Each Score
Percentile by Number Answered
Your Score History
You have not taken this quiz